{"text_format":"3","workbook":"xlsx","n_sheets":1,"sheets":["t194"],"read":"whole","date_system":"1900"}

{"sheet":"t194","index":0,"n_rows":201,"n_cols":7,"rows_kept":201,"merged":[[0,0,0,6],[30,0,30,5],[48,0,48,5],[157,0,157,5]]}
["TABELA 194.1 - Estatísticas Agrícolas, Município de Getulina, Estado de São Paulo, 2007/08."]
["ITEM","UNIDADE","N.DE UPAs","MÍNIMO","MÉDIO","MÁXIMO","TOTAL"]
["Distância à sede do município","km",571,{"v":1,"d":"1.0"},{"v":11.88,"d":"11.9"},{"v":40,"d":"40.0"},"-"]
["Área total","hectare",571,0.4,{"v":116.49,"d":"116.5"},{"v":4767.4,"d":"4,767.4"},{"v":66517.27,"d":"66,517.3"}]
["Área com cultura perene","hectare",150,{"v":0.05,"d":"0.1"},{"v":24.18,"d":"24.2"},{"v":930,"d":"930.0"},{"v":3626.75,"d":"3,626.8"}]
["Área com cultura temporária","hectare",263,0.1,{"v":96.67,"d":"96.7"},{"v":3665.5,"d":"3,665.5"},{"v":25425.35,"d":"25,425.4"}]
["Área com pastagem","hectare",450,0.2,{"v":71.43,"d":"71.4"},{"v":4618.9,"d":"4,618.9"},{"v":32143.5,"d":"32,143.5"}]
["Área com reflorestamento","hectare",72,0.1,{"v":5.78,"d":"5.8"},{"v":70,"d":"70.0"},416.1]
["Área com vegetação natural","hectare",139,0.1,{"v":20.96,"d":"21.0"},612.9,{"v":2912.8,"d":"2,912.8"}]
["Área com vegetação de brejo e várzea","hectare",154,0.1,{"v":6.76,"d":"6.8"},{"v":120,"d":"120.0"},{"v":1041.08,"d":"1,041.1"}]
["Área em descanso","hectare",29,{"v":0.02,"d":"0.0"},{"v":10.65,"d":"10.7"},205.1,{"v":308.86,"d":"308.9"}]
["Área complementar","hectare",440,{"v":0.01,"d":"0.0"},{"v":1.46,"d":"1.5"},72.6,{"v":642.83,"d":"642.8"}]
["Área das UPAs com (0, 1] ha","hectare",21,0.4,{"v":0.97,"d":"1.0"},{"v":1,"d":"1.0"},20.3]
["Área das UPAs com (1, 2] ha","hectare",9,1.2,{"v":1.77,"d":"1.8"},{"v":2,"d":"2.0"},15.9]
["Área das UPAs com (2, 5] ha","hectare",77,2.4,{"v":3.52,"d":"3.5"},{"v":5,"d":"5.0"},{"v":270.78,"d":"270.8"}]
["Área das UPAs com (5, 10] ha","hectare",58,5.1,7.6,{"v":10,"d":"10.0"},{"v":440.61,"d":"440.6"}]
["Área das UPAs com (10, 20] ha","hectare",93,10.4,{"v":14.33,"d":"14.3"},19.3,{"v":1332.8,"d":"1,332.8"}]
["Área das UPAs com (20, 50] ha","hectare",131,20.5,32.6,49.6,{"v":4270.82,"d":"4,270.8"}]
["Área das UPAs com (50, 100] ha","hectare",60,50.9,{"v":70.12,"d":"70.1"},97.7,{"v":4207.1,"d":"4,207.1"}]
["Área das UPAs com (100, 200] ha","hectare",46,100.4,{"v":134.11,"d":"134.1"},193.3,{"v":6168.86,"d":"6,168.9"}]
["Área das UPAs com (200, 500] ha","hectare",47,200.8,{"v":323.41,"d":"323.4"},485.3,{"v":15200.1,"d":"15,200.1"}]
["Área das UPAs com (500, 1.000] ha","hectare",19,539.8,{"v":694.53,"d":"694.5"},949.4,{"v":13196.1,"d":"13,196.1"}]
["Área das UPAs com (1.000, 2.000] ha","hectare",7,{"v":1035.6,"d":"1,035.6"},{"v":1379.77,"d":"1,379.8"},{"v":1722.5,"d":"1,722.5"},{"v":9658.4,"d":"9,658.4"}]
["Área das UPAs com (2.000, 5.000] ha","hectare",3,{"v":2791.2,"d":"2,791.2"},{"v":3911.83,"d":"3,911.8"},{"v":4767.4,"d":"4,767.4"},{"v":11735.5,"d":"11,735.5"}]
["Área das UPAs com (5.000, 10.000] ha","hectare","-","-","-","-","-"]
["Área das UPAs acima de 10.000 ha","hectare","-","-","-","-","-"]
["Familiares do proprietário que trabalham na UPA","unidade",322,{"v":1,"d":"1.0"},{"v":1.39,"d":"1.4"},{"v":13,"d":"13.0"},{"v":446,"d":"446.0"}]
["Trabalhadores permanentes","unidade",144,{"v":1,"d":"1.0"},{"v":3.42,"d":"3.4"},{"v":93,"d":"93.0"},{"v":493,"d":"493.0"}]
["Fonte: Secretaria de Agricultura e Abastecimento, CDRS/IEA, Projeto LUPA."]
[]
["TABELA 194.2 - Explorações Animais, Município de Getulina, Estado de São Paulo, 2007/08."]
["ITEM","UNIDADE","N.DE UPAs","MÍNIMO","MÉDIO","MÁXIMO","TOTAL"]
["Apicultura","colmeias",1,{"v":6,"d":"6.0"},{"v":6,"d":"6.0"},{"v":6,"d":"6.0"},{"v":6,"d":"6.0"}]
["Asininos E Muares","cabeças",17,{"v":1,"d":"1.0"},{"v":2.53,"d":"2.5"},{"v":10,"d":"10.0"},{"v":43,"d":"43.0"}]
["Avestruzes e Ema (Criadouro)","cabeças",2,{"v":2,"d":"2.0"},8.5,{"v":15,"d":"15.0"},{"v":17,"d":"17.0"}]
["Avicultura de Corte","cabeças/ano",3,{"v":1,"d":"1.0"},{"v":7667,"d":"7,667.0"},{"v":20000,"d":"20,000.0"},{"v":23001,"d":"23,001.0"}]
["Bovinocultura de Corte","cabeças",128,{"v":4,"d":"4.0"},{"v":253.86,"d":"253.9"},{"v":6448,"d":"6,448.0"},{"v":32494,"d":"32,494.0"}]
["Bovinocultura Leiteira","cabeças",67,{"v":2,"d":"2.0"},{"v":27.97,"d":"28.0"},{"v":280,"d":"280.0"},{"v":1874,"d":"1,874.0"}]
["Bovinocultura Mista","cabeças",76,{"v":2,"d":"2.0"},{"v":33.76,"d":"33.8"},{"v":294,"d":"294.0"},{"v":2566,"d":"2,566.0"}]
["Bubalinocultura","cabeças",5,{"v":10,"d":"10.0"},66.2,{"v":167,"d":"167.0"},{"v":331,"d":"331.0"}]
["Caprinocultura","cabeças",1,{"v":200,"d":"200.0"},{"v":200,"d":"200.0"},{"v":200,"d":"200.0"},{"v":200,"d":"200.0"}]
["Equinocultura","cabeças",161,{"v":1,"d":"1.0"},{"v":5.19,"d":"5.2"},{"v":165,"d":"165.0"},{"v":835,"d":"835.0"}]
["Ovinocultura","cabeças",21,{"v":1,"d":"1.0"},{"v":37,"d":"37.0"},{"v":129,"d":"129.0"},{"v":777,"d":"777.0"}]
["Piscicultura","m² tanques",1,{"v":3000,"d":"3,000.0"},{"v":3000,"d":"3,000.0"},{"v":3000,"d":"3,000.0"},{"v":3000,"d":"3,000.0"}]
["Sericicultura","gramas larvas/ano",12,{"v":1,"d":"1.0"},{"v":156.42,"d":"156.4"},{"v":705,"d":"705.0"},{"v":1877,"d":"1,877.0"}]
["Suinocultura","cabeças",29,{"v":1,"d":"1.0"},{"v":10.17,"d":"10.2"},{"v":91,"d":"91.0"},{"v":295,"d":"295.0"}]
["Fonte: Secretaria de Agricultura e Abastecimento, CDRS/IEA, Projeto LUPA."]
[]
["TABELA 194.3 -  Máquinas, Implementos e Benfeitorias, Município de Getulina, Estado de São Paulo, 2007/08."]
["ITEM","UNIDADE","N.DE UPAs","MÍNIMO","MÉDIO","MÁXIMO","TOTAL"]
["Arado Comum (Bacia, Aiveca)","Unidade",59,{"v":1,"d":"1.0"},{"v":1.24,"d":"1.2"},{"v":4,"d":"4.0"},{"v":73,"d":"73.0"}]
["Arado Escarificador","Unidade",41,{"v":1,"d":"1.0"},{"v":1.32,"d":"1.3"},{"v":3,"d":"3.0"},{"v":54,"d":"54.0"}]
["Arado Subsolador","Unidade",8,{"v":1,"d":"1.0"},{"v":1.13,"d":"1.1"},{"v":2,"d":"2.0"},{"v":9,"d":"9.0"}]
["Batedeira de Cereais","Unidade",3,{"v":1,"d":"1.0"},{"v":1,"d":"1.0"},{"v":1,"d":"1.0"},{"v":3,"d":"3.0"}]
["Câmara Fria","Unidade",2,{"v":1,"d":"1.0"},{"v":1,"d":"1.0"},{"v":1,"d":"1.0"},{"v":2,"d":"2.0"}]
["Colhedeira Acoplada","Unidade",3,{"v":1,"d":"1.0"},{"v":1,"d":"1.0"},{"v":1,"d":"1.0"},{"v":3,"d":"3.0"}]
["Colhedeira Automotriz","Unidade",3,{"v":1,"d":"1.0"},{"v":1,"d":"1.0"},{"v":1,"d":"1.0"},{"v":3,"d":"3.0"}]
["Conj.Irrigação Autopropelido","Unidade",4,{"v":1,"d":"1.0"},2.5,{"v":4,"d":"4.0"},{"v":10,"d":"10.0"}]
["Conj.Irrigação Convencional","Unidade",9,{"v":1,"d":"1.0"},{"v":1.11,"d":"1.1"},{"v":2,"d":"2.0"},{"v":10,"d":"10.0"}]
["Conj.Irrigação Pivot Central","Unidade",1,{"v":1,"d":"1.0"},{"v":1,"d":"1.0"},{"v":1,"d":"1.0"},{"v":1,"d":"1.0"}]
["Conj.Irrigação/Gotejamento/Microaspersão","Unidade",4,{"v":1,"d":"1.0"},2.5,{"v":7,"d":"7.0"},{"v":10,"d":"10.0"}]
["Desintegrador, Picador, Triturador","Unidade",101,{"v":1,"d":"1.0"},{"v":1.05,"d":"1.1"},{"v":3,"d":"3.0"},{"v":106,"d":"106.0"}]
["Distribuidor de Calcário","Unidade",17,{"v":1,"d":"1.0"},{"v":1.71,"d":"1.7"},{"v":5,"d":"5.0"},{"v":29,"d":"29.0"}]
["Ensiladeira","Unidade",13,{"v":1,"d":"1.0"},{"v":1.46,"d":"1.5"},{"v":4,"d":"4.0"},{"v":19,"d":"19.0"}]
["Grade Aradora (Tipo Romi)","Unidade",32,{"v":1,"d":"1.0"},{"v":1.19,"d":"1.2"},{"v":3,"d":"3.0"},{"v":38,"d":"38.0"}]
["Grade Niveladora","Unidade",36,{"v":1,"d":"1.0"},{"v":1.19,"d":"1.2"},{"v":3,"d":"3.0"},{"v":43,"d":"43.0"}]
["Implementos para Tração Animal","Unidade",6,{"v":1,"d":"1.0"},{"v":2,"d":"2.0"},{"v":4,"d":"4.0"},{"v":12,"d":"12.0"}]
["Microtrator","Unidade",7,{"v":1,"d":"1.0"},{"v":1,"d":"1.0"},{"v":1,"d":"1.0"},{"v":7,"d":"7.0"}]
["Misturador de Ração","Unidade",10,{"v":1,"d":"1.0"},{"v":1,"d":"1.0"},{"v":1,"d":"1.0"},{"v":10,"d":"10.0"}]
["Ordenhadeira Mecânica","Unidade",8,{"v":1,"d":"1.0"},{"v":1.13,"d":"1.1"},{"v":2,"d":"2.0"},{"v":9,"d":"9.0"}]
["Pulverizador Tratorizado","Unidade",36,{"v":1,"d":"1.0"},{"v":1.86,"d":"1.9"},{"v":11,"d":"11.0"},{"v":67,"d":"67.0"}]
["Resfriador de Leite, Tanque Expansão","Unidade",5,{"v":1,"d":"1.0"},1.2,{"v":2,"d":"2.0"},{"v":6,"d":"6.0"}]
["Roçadeira Tratorizada","Unidade",2,{"v":1,"d":"1.0"},{"v":1,"d":"1.0"},{"v":1,"d":"1.0"},{"v":2,"d":"2.0"}]
["Semeadeira/Adubadeira para Plantio Convencional","Unidade",16,{"v":1,"d":"1.0"},{"v":1.06,"d":"1.1"},{"v":2,"d":"2.0"},{"v":17,"d":"17.0"}]
["Semeadeira/Plantadeira Plantio Direto","Unidade",11,{"v":1,"d":"1.0"},{"v":1,"d":"1.0"},{"v":1,"d":"1.0"},{"v":11,"d":"11.0"}]
["Terraceador","Unidade",8,{"v":1,"d":"1.0"},{"v":1.13,"d":"1.1"},{"v":2,"d":"2.0"},{"v":9,"d":"9.0"}]
["Trator de Esteiras","Unidade",8,{"v":1,"d":"1.0"},{"v":1.13,"d":"1.1"},{"v":2,"d":"2.0"},{"v":9,"d":"9.0"}]
["Trator de Pneus","Unidade",115,{"v":1,"d":"1.0"},1.5,{"v":13,"d":"13.0"},{"v":173,"d":"173.0"}]
["Açude/Represa","Unidade",128,{"v":1,"d":"1.0"},2.1,{"v":9,"d":"9.0"},{"v":269,"d":"269.0"}]
["Almoxarifado/Oficina","Unidade",20,{"v":1,"d":"1.0"},{"v":1.25,"d":"1.3"},{"v":2,"d":"2.0"},{"v":25,"d":"25.0"}]
["Armazém para Grãos Ensacados","Sacas",9,{"v":1,"d":"1.0"},{"v":1.22,"d":"1.2"},{"v":3,"d":"3.0"},{"v":11,"d":"11.0"}]
["Balança para Bovinos","Unidade",13,{"v":1,"d":"1.0"},{"v":1.08,"d":"1.1"},{"v":2,"d":"2.0"},{"v":14,"d":"14.0"}]
["Balança para Veículos","Unidade",8,{"v":1,"d":"1.0"},{"v":1,"d":"1.0"},{"v":1,"d":"1.0"},{"v":8,"d":"8.0"}]
["Barracão para Bicho da Seda/Sirgaria","Unidade",44,{"v":1,"d":"1.0"},{"v":1.25,"d":"1.3"},{"v":3,"d":"3.0"},{"v":55,"d":"55.0"}]
["Barracão para Granja/Avicultura","Unidade",10,{"v":1,"d":"1.0"},2.8,{"v":8,"d":"8.0"},{"v":28,"d":"28.0"}]
["Barracão/Galpão/Garagem","Unidade",166,{"v":1,"d":"1.0"},{"v":1.24,"d":"1.2"},{"v":4,"d":"4.0"},{"v":206,"d":"206.0"}]
["Biodigestor","Unidade",3,{"v":1,"d":"1.0"},{"v":1.67,"d":"1.7"},{"v":2,"d":"2.0"},{"v":5,"d":"5.0"}]
["Casa de Moradia Habitada","Unidade",306,{"v":1,"d":"1.0"},{"v":1.78,"d":"1.8"},{"v":23,"d":"23.0"},{"v":545,"d":"545.0"}]
["Casa de Moradia Total","Unidade",333,{"v":1,"d":"1.0"},{"v":2.36,"d":"2.4"},{"v":36,"d":"36.0"},{"v":787,"d":"787.0"}]
["Curral/Mangueira","Unidade",242,{"v":1,"d":"1.0"},{"v":1.12,"d":"1.1"},{"v":5,"d":"5.0"},{"v":270,"d":"270.0"}]
["Depósito/Tulha","Unidade",170,{"v":1,"d":"1.0"},{"v":1.24,"d":"1.2"},{"v":5,"d":"5.0"},{"v":210,"d":"210.0"}]
["Engenho","Unidade",1,{"v":1,"d":"1.0"},{"v":1,"d":"1.0"},{"v":1,"d":"1.0"},{"v":1,"d":"1.0"}]
["Estábulo","Unidade",14,{"v":1,"d":"1.0"},{"v":1.43,"d":"1.4"},{"v":6,"d":"6.0"},{"v":20,"d":"20.0"}]
["Estufa/Plasticultura","m²",4,{"v":100,"d":"100.0"},{"v":290,"d":"290.0"},{"v":500,"d":"500.0"},{"v":1160,"d":"1,160.0"}]
["Fábrica de Ração","Unidade",6,{"v":1,"d":"1.0"},{"v":1,"d":"1.0"},{"v":1,"d":"1.0"},{"v":6,"d":"6.0"}]
["Instalações para Equinos","Unidade",7,{"v":1,"d":"1.0"},{"v":1.29,"d":"1.3"},{"v":2,"d":"2.0"},{"v":9,"d":"9.0"}]
["Máquina de Benefício","Unidade",7,{"v":1,"d":"1.0"},{"v":1,"d":"1.0"},{"v":1,"d":"1.0"},{"v":7,"d":"7.0"}]
["Olaria","Unidade",1,{"v":1,"d":"1.0"},{"v":1,"d":"1.0"},{"v":1,"d":"1.0"},{"v":1,"d":"1.0"}]
["Packing House","Unidade",3,{"v":1,"d":"1.0"},{"v":1,"d":"1.0"},{"v":1,"d":"1.0"},{"v":3,"d":"3.0"}]
["Pocilga","Unidade",33,{"v":1,"d":"1.0"},{"v":1.12,"d":"1.1"},{"v":4,"d":"4.0"},{"v":37,"d":"37.0"}]
["Poço Semi-Artesiano","Unidade",84,{"v":1,"d":"1.0"},{"v":1.11,"d":"1.1"},{"v":3,"d":"3.0"},{"v":93,"d":"93.0"}]
["Posto Meteorológico","Unidade",3,{"v":1,"d":"1.0"},{"v":1,"d":"1.0"},{"v":1,"d":"1.0"},{"v":3,"d":"3.0"}]
["Secador de Grãos","Unidade",3,{"v":1,"d":"1.0"},{"v":1,"d":"1.0"},{"v":1,"d":"1.0"},{"v":3,"d":"3.0"}]
["Silo para Grãos","t",2,{"v":1,"d":"1.0"},4.5,{"v":8,"d":"8.0"},{"v":9,"d":"9.0"}]
["Silo para Silagem","t",6,{"v":1,"d":"1.0"},{"v":1.17,"d":"1.2"},{"v":2,"d":"2.0"},{"v":7,"d":"7.0"}]
["Terreiro","m²",63,{"v":1,"d":"1.0"},{"v":479.24,"d":"479.2"},{"v":14500,"d":"14,500.0"},{"v":30192,"d":"30,192.0"}]
["Fonte: Secretaria de Agricultura e Abastecimento, CDRS/IEA, Projeto LUPA."]
[]
["TABELA 194.4 - Outras Estatísticas Agrícolas, Município de Getulina, Estado de São Paulo, 2007/08."]
["ITEM","Número de UPAs",null,"Percentual"]
["Faz Parte de Associação de Produtores",70,null,{"v":12.259194395796849,"d":"12.3"}]
["Faz Parte de Cooperativa de Produtores",126,null,{"v":22.066549912434326,"d":"22.1"}]
["Faz Parte do Sindicato de Produtores",54,null,{"v":9.457092819614711,"d":"9.5"}]
["Não utiliza assistência técnica ",358,null,{"v":62.6970227670753,"d":"62.7"}]
["Utiliza somente assistência técnica governamental ",61,null,{"v":10.683012259194395,"d":"10.7"}]
["Utiliza somente assistência técnica privada ",86,null,{"v":15.061295971978984,"d":"15.1"}]
["Utiliza assistência técnica tanto governamental quanto privada",66,null,{"v":11.558669001751312,"d":"11.6"}]
["Utiliza Crédito Rural",78,null,{"v":13.660245183887916,"d":"13.7"}]
["Utiliza Seguro Rural",4,null,{"v":0.7005253940455342,"d":"0.7"}]
["Utiliza Escrituração Agrícola",261,null,{"v":45.7092819614711,"d":"45.7"}]
["Acessa Internet p/ Fins na Agropecuária",26,null,{"v":4.553415061295972,"d":"4.6"}]
["Utiliza Computador nas Atividades Agropecuárias",29,null,{"v":5.078809106830123,"d":"5.1"}]
["Utiliza Energia Elétrica Para Uso na Atividade Agrícola",436,null,{"v":76.35726795096322,"d":"76.4"}]
["Realiza Análise de Solo, quando necessário",84,null,{"v":14.711033274956216,"d":"14.7"}]
["Utiliza Práticas de Conservação de Solo, quando necessário",257,null,{"v":45.008756567425564,"d":"45.0"}]
["Faz Adubação Mineral, quando necessário",247,null,{"v":43.25744308231173,"d":"43.3"}]
["Faz Adubação Orgânica, quando necessário",205,null,{"v":35.90192644483363,"d":"35.9"}]
["Faz Adubação Verde, quando necessário",84,null,{"v":14.711033274956216,"d":"14.7"}]
["Utiliza Manejo Integrado de Pragas (MIP)",4,null,{"v":0.7005253940455342,"d":"0.7"}]
["Utiliza Hidroponia","-",null,"-"]
["Utiliza Plasticultura",7,null,{"v":1.2259194395796849,"d":"1.2"}]
["Utiliza Mudas Fiscalizadas",171,null,{"v":29.947460595446586,"d":"29.9"}]
["Utiliza Semente Melhorada",139,null,{"v":24.34325744308231,"d":"24.3"}]
["Faz Confinamento de Bovinos",7,null,{"v":1.2259194395796849,"d":"1.2"}]
["Utiliza Pastejo Intensivo",66,null,{"v":11.558669001751312,"d":"11.6"}]
["Faz Inseminação Artificial",14,null,{"v":2.4518388791593697,"d":"2.5"}]
["Faz Mineralização do Rebanho",232,null,{"v":40.63047285464098,"d":"40.6"}]
["Faz Vermifugação do Rebanho",234,null,{"v":40.98073555166374,"d":"41.0"}]
["Possui Parceiros /Arrendatários na Exploração Animal",38,null,{"v":6.654991243432574,"d":"6.7"}]
["Esporte e lazer",2,null,{"v":0.3502626970227671,"d":"0.4"}]
["Extração mineral","-",null,"-"]
["Hotel Fazenda, Pousada ou SPA",1,null,{"v":0.17513134851138354,"d":"0.2"}]
["Pesque-pague",1,null,{"v":0.17513134851138354,"d":"0.2"}]
["Restaurante ou Lanchonete","-",null,"-"]
["Transformação artesanal","-",null,"-"]
["Turismo rural ou ecoturismo","-",null,"-"]
["Outras atividades econômicas rurais",1,null,{"v":0.17513134851138354,"d":"0.2"}]
["Agroindústria","-",null,"-"]
["Proprietário sem instrução ou com instrução incompleta",8,null,{"v":1.4010507880910683,"d":"1.4"}]
["Proprietário com antigo primário completo",159,null,{"v":27.84588441330998,"d":"27.8"}]
["Proprietário com 1° grau (ou antigo ginasial) completo",57,null,{"v":9.982486865148863,"d":"10.0"}]
["Proprietário com 2° grau (ou antigo colegial) completo",159,null,{"v":27.84588441330998,"d":"27.8"}]
["Proprietário com curso superior completo ",183,null,{"v":32.04903677758318,"d":"32.0"}]
["Pessoa Jurídica",5,null,{"v":0.8756567425569178,"d":"0.9"}]
["Proprietário residente na própria UPA ",141,null,{"v":24.693520140105075,"d":"24.7"}]
["Fonte: Secretaria de Agricultura e Abastecimento, CDRS/IEA, Projeto LUPA."]
[]
["TABELA 194.5 - Área Cultivada, Município de Getulina, Estado de São Paulo, 2007/08."]
["CULTURA","N.DE UPAs","MÍNIMO","MÉDIO","MÁXIMO","TOTAL"]
["Braquiaria",447,0.3,{"v":71.81,"d":"71.8"},{"v":4618.9,"d":"4,618.9"},{"v":32099.65,"d":"32,099.7"}]
["Cana-de-acucar",222,0.1,{"v":110.22,"d":"110.2"},{"v":3653.5,"d":"3,653.5"},{"v":24469.73,"d":"24,469.7"}]
["Laranja",19,0.5,{"v":153.11,"d":"153.1"},{"v":930,"d":"930.0"},{"v":2909.1,"d":"2,909.1"}]
["Amendoim",6,0.2,{"v":76.23,"d":"76.2"},193.6,457.4]
["Milho",52,0.1,{"v":8.47,"d":"8.5"},96.8,440.6]
["Eucalipto",71,0.1,{"v":5.84,"d":"5.8"},{"v":70,"d":"70.0"},414.6]
["Cafe",78,{"v":0.05,"d":"0.1"},{"v":4.15,"d":"4.2"},20.8,323.9]
["Seringueira",13,{"v":2,"d":"2.0"},{"v":11.35,"d":"11.4"},26.9,147.5]
["Tangerina",17,0.2,{"v":5.59,"d":"5.6"},{"v":26,"d":"26.0"},{"v":95,"d":"95.0"}]
["Amora (ou amora-branca)",14,1.5,{"v":4.56,"d":"4.6"},{"v":9.68,"d":"9.7"},{"v":63.88,"d":"63.9"}]
["Melancia",2,14.5,14.5,14.5,{"v":29,"d":"29.0"}]
["Gramas",7,0.2,3.2,12.4,22.4]
["Tangor",3,2.6,{"v":5.87,"d":"5.9"},{"v":10,"d":"10.0"},17.6]
["Manga",4,0.2,{"v":4,"d":"4.0"},10.8,{"v":16,"d":"16.0"}]
["Mandioca",5,0.1,{"v":2.72,"d":"2.7"},10.1,13.6]
["Coloniao",6,0.5,{"v":2.21,"d":"2.2"},3.5,{"v":13.25,"d":"13.3"}]
["Pomar domestico",25,0.1,{"v":0.48,"d":"0.5"},2.2,{"v":12,"d":"12.0"}]
["Capim-napier (ou capim-elefante)",4,0.1,{"v":2.05,"d":"2.1"},{"v":5,"d":"5.0"},8.2]
["Limao",6,0.2,{"v":1.35,"d":"1.4"},2.8,8.1]
["Lichia",1,{"v":7,"d":"7.0"},{"v":7,"d":"7.0"},{"v":7,"d":"7.0"},{"v":7,"d":"7.0"}]
["Goiaba",3,0.6,{"v":2.03,"d":"2.0"},{"v":4,"d":"4.0"},6.1]
["Pessego",1,{"v":6,"d":"6.0"},{"v":6,"d":"6.0"},{"v":6,"d":"6.0"},{"v":6,"d":"6.0"}]
["Macadamia (ou noz-macadamia)",1,5.4,5.4,5.4,5.4]
["Abacate",1,4.9,4.9,4.9,4.9]
["Alface",4,0.1,{"v":1.23,"d":"1.2"},3.5,{"v":4.92,"d":"4.9"}]
["Maracuja",1,{"v":3,"d":"3.0"},{"v":3,"d":"3.0"},{"v":3,"d":"3.0"},{"v":3,"d":"3.0"}]
["Outras olericolas",3,0.1,{"v":0.87,"d":"0.9"},2.4,2.6]
["Batata-inglesa (ou batata, ou batatinha)",1,2.5,2.5,2.5,2.5]
["Amora (ou amora-preta)",1,{"v":2.17,"d":"2.2"},{"v":2.17,"d":"2.2"},{"v":2.17,"d":"2.2"},{"v":2.17,"d":"2.2"}]
["Acerola (ou cereja-das-antilhas)",1,1.8,1.8,1.8,1.8]
["Brocolos (ou brocolis)",1,1.1,1.1,1.1,1.1]
["Outras florestais",1,0.9,0.9,0.9,0.9]
["Pinus",1,0.6,0.6,0.6,0.6]
["Horta domestica",1,0.5,0.5,0.5,0.5]
["Feijao",1,0.4,0.4,0.4,0.4]
["Banana",1,0.2,0.2,0.2,0.2]
["Abobora (ou jerimum)",1,0.1,0.1,0.1,0.1]
["Cebolinha",1,0.1,0.1,0.1,0.1]
["Cenoura",1,0.1,0.1,0.1,0.1]
["Coco-da-baia",1,0.1,0.1,0.1,0.1]
["Jilo",1,0.1,0.1,0.1,0.1]
["Fonte: Secretaria de Agricultura e Abastecimento, CDRS/IEA, Projeto LUPA."]